[Event "CRO-chT3 West"]
[Site "Croatia"]
[Date "2017.04.09"]
[Round "6.1"]
[White "Zoricic, Marijan"]
[Black "Pavicic, Tomislav"]
[Result "0-1"]
[WhiteElo "2051"]
[BlackElo "2123"]
[PlyCount "44"]
[EventDate "2017.03.25"]
[EventType "team-tourn"]
[EventRounds "9"]
[EventCountry "CRO"]
[SourceTitle "EXT 2019"]
[Source "ChessBase"]
[SourceDate "2018.10.10"]
[SourceVersion "1"]
[SourceVersionDate "2018.10.10"]
[SourceQuality "1"]

1. e4 d6 2. d4 Nf6 3. Nc3 Nbd7 4. Be3 e5 5. f3 Be7 6. Qd2 c6 7. 0-0-0 0-0 8. g4 b5 9. Kb1 b4 10. Nce2 Qa5 11. Nc1 Rb8 12. h4 c5 13. dxc5 dxc5 14. Qf2 Qc7 15. h5 Nb6 16. g5 Ne8 17. Qd2 Na4 18. Ka1 c4 19. Qd5 Be6 20. Qd2 Nxb2 21. g6 Nxd1 22. Qxd1 b3 0-1

[Event "CRO-chT3 West"]
[Site "Croatia"]
[Date "2017.03.26"]
[Round "2.1"]
[White "Zoricic, Marijan"]
[Black "Mazuran, Marijan"]
[Result "1/2-1/2"]
[WhiteElo "2055"]
[BlackElo "2092"]
[PlyCount "63"]
[EventDate "2017.03.25"]
[EventType "team-tourn"]
[EventRounds "9"]
[EventCountry "CRO"]
[SourceTitle "EXT 2019"]
[Source "ChessBase"]
[SourceDate "2018.10.10"]
[SourceVersion "1"]
[SourceVersionDate "2018.10.10"]
[SourceQuality "1"]

1. e4 e5 2. Nf3 Nc6 3. Bb5 f5 4. Bxc6 dxc6 5. Nxe5 Qd4 6. Nf3 Qxe4+ 7. Qe2 Nf6 8. Nc3 Qxe2+ 9. Kxe2 Bc5 10. Re1 0-0 11. Kf1 Bd7 12. h3 Ne4 13. Re2 Rae8 14. d3 Nxc3 15. bxc3 Rxe2 16. Kxe2 Re8+ 17. Kf1 Be6 18. Ng5 Bd5 19. c4 Bf7 20. Nxf7 Kxf7 21. Rb1 b6 22. Bb2 g6 23. Bc3 Bf8 24. Bd2 Bg7 25. Bf4 Be5 26. Bd2 Bf6 27. Bf4 Be5 28. Bd2 Bf6 29. a4 c5 30. Rb3 a5 31. Rb5 Re6 32. g3 1/2-1/2

[Event "CRO-chT3 West"]
[Site "Croatia"]
[Date "2017.03.25"]
[Round "1.1"]
[White "Zufic, Zeljko"]
[Black "Zoricic, Marijan"]
[Result "1-0"]
[WhiteElo "2209"]
[BlackElo "2055"]
[PlyCount "120"]
[EventDate "2017.03.25"]
[EventType "team-tourn"]
[EventRounds "9"]
[EventCountry "CRO"]
[SourceTitle "EXT 2019"]
[Source "ChessBase"]
[SourceDate "2018.10.10"]
[SourceVersion "1"]
[SourceVersionDate "2018.10.10"]
[SourceQuality "1"]

1. d4 Nf6 2. c4 e5 3. dxe5 Ng4 4. Nf3 Nc6 5. Bf4 Bb4+ 6. Nbd2 Qe7 7. e3 Ngxe5 8. Nxe5 Nxe5 9. Be2 0-0 10. 0-0 Bxd2 11. Qxd2 d6 12. Rfe1 b6 13. e4 Bb7 14. f3 Qe6 15. Rac1 a5 16. b3 Rfe8 17. Bf1 Qg6 18. Kh1 Re6 19. Bg3 Nd7 20. Bd3 Qh5 21. Kg1 Rae8 22. Qf4 Ne5 23. Be2 Ng6 24. Qd2 Qc5+ 25. Kf1 Rf6 26. Bd3 Qd4 27. Qc3 Qc5 28. Rcd1 Qh5 29. Bc2 Nh4 30. Re3 Rfe6 31. Rde1 Qh6 32. Kf2 Ng6 33. a3 Qg5 34. b4 axb4 35. axb4 h5 36. h4 Qe7 37. Bb3 Nxh4 38. c5 Rg6 39. cxd6 cxd6 40. Rg1 Rh6 41. Qd4 Ng6 42. Qxd6 h4 43. Bh2 Qxd6 44. Bxd6 Ne5 45. Rd1 h3 46. gxh3 Rxh3 47. Bc7 Rh6 48. Bxe5 Rxe5 49. Rd7 Ba6 50. Rxf7 Kh7 51. Rc3 Rg5 52. Ke3 Rh2 53. Kf4 Rg6 54. Bc2 Rgg2 55. Rfc7 Rh4+ 56. Kf5 Bb5 57. Ke5 Rf2 58. Rf7 Rhh2 59. Bb3 Rh5+ 60. Rf5 Be2 1-0

[Event "Mediterranean op 8th"]
[Site "Rijeka"]
[Date "2015.12.12"]
[Round "9"]
[White "Beletic, Daniel"]
[Black "Zoricic, Marijan"]
[Result "1-0"]
[WhiteElo "2292"]
[BlackElo "2053"]
[PlyCount "41"]
[EventDate "2015.12.05"]
[EventType "swiss"]
[EventRounds "9"]
[EventCountry "CRO"]
[SourceTitle "CBM 169 Extra"]
[Source "ChessBase"]
[SourceDate "2015.12.18"]
[SourceVersion "1"]
[SourceVersionDate "2015.12.18"]
[SourceQuality "1"]

1. Nf3 d5 2. c4 Nf6 3. cxd5 Nxd5 4. d4 e6 5. e4 Bb4+ 6. Nbd2 Nf6 7. Bb5+ Bd7 8. Bd3 c5 9. a3 Bxd2+ 10. Bxd2 cxd4 11. e5 Nd5 12. 0-0 Nc6 13. Qe2 Qb6 14. Rfe1 h6 15. Rac1 a6 16. b4 g5 17. Qe4 Rd8 18. h4 gxh4 19. Qxh4 Rc8 20. Ng5 Nd8 21. Ne4 1-0

[Event "Mediterranean op 8th"]
[Site "Rijeka"]
[Date "2015.12.07"]
[Round "4"]
[White "Muslija, Idris"]
[Black "Zoricic, Marijan"]
[Result "1/2-1/2"]
[WhiteElo "2240"]
[BlackElo "2053"]
[PlyCount "206"]
[EventDate "2015.12.05"]
[EventType "swiss"]
[EventRounds "9"]
[EventCountry "CRO"]
[SourceTitle "CBM 169 Extra"]
[Source "ChessBase"]
[SourceDate "2015.12.18"]
[SourceVersion "1"]
[SourceVersionDate "2015.12.18"]
[SourceQuality "1"]

1. c4 e5 2. Nc3 c6 3. Nf3 d6 4. d4 exd4 5. Nxd4 Nf6 6. e4 Be7 7. Be2 0-0 8. 0-0 h6 9. Be3 Re8 10. Qc2 Nbd7 11. Nf5 Nf8 12. Rad1 Bxf5 13. exf5 Qc7 14. Bf4 b6 15. Rd3 Red8 16. Rfd1 N8h7 17. b4 Qd7 18. Rg3 Kh8 19. b5 Rac8 20. Qb1 d5 21. Bf3 cxb5 22. Nxd5 Nxd5 23. Rxd5 Qe8 24. cxb5 Bf6 25. Rxd8 Rxd8 26. Bc6 Qe2 27. Bf3 Qc4 28. Be3 Ng5 29. Bxg5 Bxg5 30. Rg4 Rd4 31. Rxd4 Qxd4 32. g3 Be7 33. Bh5 Qf6 34. Qe4 Kh7 35. Qd5 g6 36. Bg4 Kg7 37. fxg6 fxg6 38. Qd7 h5 39. Bd1 Kh6 40. Qd2+ Kg7 41. Kg2 Bc5 42. h4 Qd4 43. Qc2 Kh6 44. Bf3 Qd6 45. Be4 Qf6 46. a4 Kg7 47. a5 Kh7 48. a6 Kg7 49. Qe2 Qd4 50. Bf3 Kh6 51. Bc6 Qf6 52. Be8 Kh7 53. Qc2 Qe6 54. Bc6 Qf6 55. Be4 Kg7 56. Qd2 Kh7 57. Qd7+ Kh6 58. f4 Qd4 59. Qe8 Qg1+ 60. Kh3 Qf1+ 61. Bg2 Qa1 62. Qd8 Qc3 63. Qg5+ Kg7 64. Be4 Qf6 65. Qd5 Qd6 66. Qb7+ Qe7 67. Kg2 Kf6 68. Kf3 Qd6 69. Bd5 Qe7 70. Qc6+ Kg7 71. Be4 Qf7 72. Bc2 Qf6 73. Qc7+ Qf7 74. Qb7 Kf6 75. Kg2 Kg7 76. Bb3 Qe7 77. Be6 Kf6 78. Bc4 Kg7 79. f5 gxf5 80. Bd3 Kf6 81. Qc8 Qh7 82. Qd8+ Ke5 83. Bc4 Bd6 84. Qa8 Kf6 85. Qd5 Qe7 86. Bd3 Qe5 87. Qf3 Kg6 88. g4 hxg4 89. Qxg4+ Kf6 90. Qg5+ Ke6 91. Qg6+ Qf6 92. Bxf5+ Ke5 93. Qxf6+ Kxf6 94. Bc2 Bb4 95. Kf3 Bd2 96. Ke4 Bc1 97. Kd5 Be3 98. Kd6 Bf4+ 99. Kd7 Be3 100. Kc7 Ke7 101. Kb7 Kd7 102. Bf5+ Kd6 103. Kc8 Ke7 1/2-1/2

[Event "CRO-chT2 West"]
[Site "Rijeka"]
[Date "2012.04.22"]
[Round "6.22"]
[White "Zrilic, Bozo"]
[Black "Zoricic, Marijan"]
[Result "1/2-1/2"]
[WhiteElo "1999"]
[BlackElo "2118"]
[PlyCount "24"]
[EventDate "2012.03.17"]
[EventType "team-tourn"]
[EventRounds "9"]
[EventCountry "CRO"]
[SourceTitle "EXT 2013"]
[Source "ChessBase"]
[SourceDate "2012.11.22"]
[SourceVersion "1"]
[SourceVersionDate "2012.11.22"]
[SourceQuality "1"]

1. d4 Nf6 2. Nf3 d5 3. Bf4 c6 4. Nbd2 Qb6 5. Qc1 Bf5 6. c3 Nbd7 7. h3 h6 8. e3 e6 9. Be2 Be7 10. a4 c5 11. a5 Qc6 12. 0-0 0-0 1/2-1/2

[Event "CRO-chT2 West"]
[Site "Croatia"]
[Date "2011.11.06"]
[Round "9.12"]
[White "Medancic, Rikard"]
[Black "Zoricic, Marijan"]
[Result "1-0"]
[WhiteElo "2264"]
[BlackElo "2122"]
[PlyCount "69"]
[EventDate "2011.03.12"]
[EventType "team-tourn"]
[EventRounds "9"]
[EventCountry "CRO"]
[SourceTitle "EXT 2014"]
[Source "ChessBase"]
[SourceDate "2013.11.20"]
[SourceVersion "1"]
[SourceVersionDate "2013.11.20"]
[SourceQuality "1"]

1. d4 d5 2. c4 c6 3. Nf3 Nf6 4. Nc3 e6 5. Bg5 Be7 6. e3 Nbd7 7. Qc2 0-0 8. Bh4 h6 9. cxd5 exd5 10. Bd3 Re8 11. 0-0 Nh5 12. Bxe7 Rxe7 13. Rab1 Nhf6 14. b4 a6 15. a4 Qe8 16. b5 axb5 17. axb5 Nf8 18. bxc6 bxc6 19. Rb6 Bd7 20. Rfb1 Ne6 21. Na4 Qc8 22. Nc5 Be8 23. Bf5 Rea7 24. h3 Ra1 25. Ne5 R8a2 26. Bxe6 fxe6 27. Qb3 Ra3 28. Rxa1 Rxa1+ 29. Kh2 Ra8 30. Rb7 Nh7 31. Qb6 Nf8 32. Rc7 Qd8 33. Qb7 Ra2 34. Rxg7+ Kh8 35. Rf7 1-0

[Event "CRO-chT2 West"]
[Site "Croatia"]
[Date "2011.04.10"]
[Round "5.33"]
[White "Zoricic, Marijan"]
[Black "Zilic, Boris"]
[Result "0-1"]
[WhiteElo "2122"]
[BlackElo "2097"]
[PlyCount "61"]
[EventDate "2011.03.12"]
[EventType "team-tourn"]
[EventRounds "9"]
[EventCountry "CRO"]
[SourceTitle "EXT 2014"]
[Source "ChessBase"]
[SourceDate "2013.11.20"]
[SourceVersion "1"]
[SourceVersionDate "2013.11.20"]
[SourceQuality "1"]

1. e4 g6 2. d4 Bg7 3. Nc3 d6 4. Be3 c6 5. Qd2 Nd7 6. 0-0-0 a5 7. f4 a4 8. e5 a3 9. b3 d5 10. g4 h5 11. gxh5 Rxh5 12. Be2 Rh8 13. h4 Nh6 14. Nf3 Ng4 15. e6 fxe6 16. Ng5 Ndf6 17. Bd3 Rh6 18. Rdg1 Qa5 19. Be2 Nxe3 20. Qxe3 Qb4 21. Nf3 c5 22. dxc5 Ne4 23. Nxe4 Bb2+ 24. Kb1 dxe4 25. Bb5+ Qxb5 26. f5 Rh8 27. fxe6 exf3 28. Rxg6 Ra6 29. Rhg1 Rf8 30. Re1 f2 31. Qe2 0-1

[Event "CRO-chT2 West"]
[Site "Croatia"]
[Date "2011.03.13"]
[Round "3.43"]
[White "Zoricic, Marijan"]
[Black "Juranic, Bruno"]
[Result "1/2-1/2"]
[WhiteElo "2122"]
[BlackElo "2182"]
[PlyCount "32"]
[EventDate "2011.03.12"]
[EventType "team-tourn"]
[EventRounds "9"]
[EventCountry "CRO"]
[SourceTitle "EXT 2014"]
[Source "ChessBase"]
[SourceDate "2013.11.20"]
[SourceVersion "1"]
[SourceVersionDate "2013.11.20"]
[SourceQuality "1"]

1. e4 c5 2. Nf3 a6 3. d4 cxd4 4. Nxd4 Nf6 5. Nc3 e5 6. Nb3 Bb4 7. Bg5 d6 8. Qd3 Qe7 9. f3 0-0 10. Bxf6 Qxf6 11. 0-0-0 Bxc3 12. Qxc3 Nc6 13. Qd2 Rd8 14. Bc4 Be6 15. Bd5 Rac8 16. Kb1 Qe7 1/2-1/2

[Event "Kraljevica ZNG111 op 12th"]
[Site "Kraljevica"]
[Date "2011.02.13"]
[Round "7"]
[White "Krsnik Cohar, Ivan Vihor"]
[Black "Zoricic, Marijan"]
[Result "1/2-1/2"]
[WhiteElo "1839"]
[BlackElo "2117"]
[PlyCount "35"]
[EventDate "2011.02.07"]
[EventType "swiss"]
[EventRounds "7"]
[EventCountry "CRO"]
[SourceTitle "EXT 2019"]
[Source "ChessBase"]
[SourceDate "2018.10.10"]
[SourceVersion "1"]
[SourceVersionDate "2018.10.10"]
[SourceQuality "1"]

1. d4 d5 2. Nf3 Nf6 3. Bg5 e6 4. e3 Be7 5. Bd3 c6 6. c3 Nbd7 7. Nbd2 b5 8. 0-0 a6 9. Qe2 c5 10. Rad1 c4 11. Bc2 Bb7 12. Ne5 0-0 13. f4 a5 14. a3 g6 15. Ndf3 Ne8 16. Bh6 Ng7 17. g4 f5 18. Qg2 1/2-1/2

[Event "CRO-chT3 West"]
[Site "Croatia"]
[Date "2010.10.23"]
[Round "7.24"]
[White "Racki, Barbara"]
[Black "Zoricic, Marijan"]
[Result "0-1"]
[WhiteElo "1698"]
[BlackElo "2145"]
[PlyCount "80"]
[EventDate "2010.03.27"]
[EventType "team-tourn"]
[EventRounds "9"]
[EventCountry "CRO"]
[SourceTitle "EXT 2012"]
[Source "ChessBase"]
[SourceDate "2011.11.24"]
[SourceVersion "1"]
[SourceVersionDate "2011.11.24"]
[SourceQuality "1"]

1. e4 c6 2. d4 d5 3. exd5 cxd5 4. Bd3 Nf6 5. c3 Bg4 6. Qb3 Qc7 7. Ne2 Bxe2 8. Bxe2 e6 9. Nd2 Bd6 10. Nf3 0-0 11. 0-0 h6 12. Re1 Nbd7 13. Bd3 a6 14. Qd1 b5 15. Bd2 Rfe8 16. h3 Rab8 17. Rc1 Nb6 18. b3 Nbd7 19. Qe2 Rbc8 20. Ne5 Qa7 21. Bb1 Qc7 22. Bf4 Qb6 23. Qf3 b4 24. Qd3 Bxe5 25. dxe5 Ne4 26. Be3 Ndc5 27. Qc2 f5 28. exf6 Qd8 29. fxg7 Nd7 30. c4 Qh4 31. f3 Nef6 32. Qd2 Kxg7 33. cxd5 Rxc1 34. Rxc1 exd5 35. Qd3 Nf8 36. Rc7+ Kg8 37. Rc6 Qe1+ 38. Kh2 Rxe3 39. Qf5 Re6 40. Rc8 Qe5+ 0-1

[Event "CRO-chT3 West"]
[Site "Croatia"]
[Date "2010.04.25"]
[Round "5.33"]
[White "Zoricic, Marijan"]
[Black "Oreskovic, Milan"]
[Result "1/2-1/2"]
[WhiteElo "2145"]
[BlackElo "2011"]
[PlyCount "63"]
[EventDate "2010.03.27"]
[EventType "team-tourn"]
[EventRounds "9"]
[EventCountry "CRO"]
[SourceTitle "EXT 2012"]
[Source "ChessBase"]
[SourceDate "2011.11.24"]
[SourceVersion "1"]
[SourceVersionDate "2011.11.24"]
[SourceQuality "1"]

1. e4 c6 2. d4 d5 3. Nc3 g6 4. Be3 Bg7 5. Qd2 h5 6. 0-0-0 Qa5 7. f3 Be6 8. Kb1 Na6 9. Nge2 dxe4 10. fxe4 Rd8 11. h3 Nf6 12. Nc1 Nc5 13. e5 Ng8 14. Qf2 Na4 15. Nxa4 Qxa4 16. Be2 Nh6 17. g4 hxg4 18. b3 g3 19. bxa4 gxf2 20. Bxf2 Bd5 21. Rhg1 Nf5 22. Bg4 Bh6 23. Bxf5 gxf5 24. Nb3 b6 25. Kb2 Kd7 26. a5 Rdg8 27. axb6 axb6 28. Rxg8 Rxg8 29. Rg1 Rg6 30. Rxg6 fxg6 31. h4 Bf4 32. Nc1 1/2-1/2

[Event "CRO-chT3 West"]
[Site "Croatia"]
[Date "2010.04.25"]
[Round "6.42"]
[White "Zoricic, Marijan"]
[Black "Stracenski, Janko"]
[Result "1-0"]
[WhiteElo "2145"]
[BlackElo "1705"]
[PlyCount "71"]
[EventDate "2010.03.27"]
[EventType "team-tourn"]
[EventRounds "9"]
[EventCountry "CRO"]
[SourceTitle "EXT 2012"]
[Source "ChessBase"]
[SourceDate "2011.11.24"]
[SourceVersion "1"]
[SourceVersionDate "2011.11.24"]
[SourceQuality "1"]

1. e4 c6 2. d4 d5 3. Nc3 dxe4 4. Nxe4 Bf5 5. Ng3 Bg6 6. h4 f6 7. Nf3 Bf7 8. Bd3 Qc7 9. 0-0 h5 10. c4 Na6 11. a3 Nh6 12. b4 Ng4 13. Bb2 e6 14. Re1 Bd6 15. Ne4 Bh2+ 16. Kf1 Bf4 17. b5 Nb8 18. Nc5 e5 19. Qc2 Rh6 20. g3 Ne3+ 21. fxe3 Bxg3 22. Re2 Nd7 23. Ne4 Rg6 24. bxc6 bxc6 25. Nd6+ Qxd6 26. Bxg6 Qe6 27. Bf5 Qxc4 28. Kg2 Bxh4 29. Nxh4 Nb6 30. Qxc4 Nxc4 31. dxe5 fxe5 32. Bd3 g5 33. Nf3 Rd8 34. Bxc4 Bxc4 35. Rd2 Bd5 36. Kf2 1-0

[Event "CRO-chT3"]
[Site "Rijeka/Pula"]
[Date "2009.04.26"]
[Round "5"]
[White "Valkovic, Kristian"]
[Black "Zoricic, Marijan"]
[Result "1/2-1/2"]
[WhiteElo "1994"]
[BlackElo "2159"]
[PlyCount "66"]
[EventDate "2009.04.04"]
[EventType "team-tourn"]
[EventRounds "9"]
[EventCountry "CRO"]
[SourceTitle "EXT 2011"]
[Source "ChessBase"]
[SourceDate "2010.11.26"]
[SourceVersion "1"]
[SourceVersionDate "2010.11.26"]
[SourceQuality "1"]

1. e4 e5 2. Nf3 Nc6 3. d4 exd4 4. Bc4 d6 5. Nxd4 Nxd4 6. Qxd4 Qf6 7. Be3 Qxd4 8. Bxd4 Be6 9. Nd2 a6 10. 0-0-0 Ne7 11. f4 Nc6 12. Bc3 0-0-0 13. Rhe1 Rg8 14. Bd5 Ne7 15. Nf3 Nxd5 16. exd5 Bg4 17. Rd3 Bxf3 18. Rxf3 Kd7 19. Rfe3 c6 20. Rd1 Re8 21. Rxe8 Kxe8 22. Rd3 Kd7 23. Kd2 g6 24. g4 Bg7 25. Bxg7 Rxg7 26. dxc6+ Kxc6 27. Ke3 f5 28. h3 Re7+ 29. Kf3 Re4 30. Rc3+ Kd7 31. Rd3 Kc6 32. Rc3+ Kd7 33. Rd3 Kc6 1/2-1/2

[Event "CRO-chT2 West"]
[Site "Rijeka"]
[Date "2005.03.20"]
[Round "2"]
[White "Jezidzic, Gordan"]
[Black "Zoricic, Marijan"]
[Result "1-0"]
[WhiteElo "2209"]
[BlackElo "2059"]
[PlyCount "63"]
[EventDate "2005.03.19"]
[EventType "team"]
[EventRounds "11"]
[EventCountry "CRO"]
[SourceTitle "EXT 2007"]
[Source "ChessBase"]
[SourceDate "2006.11.23"]
[SourceVersion "1"]
[SourceVersionDate "2006.11.23"]
[SourceQuality "1"]

1. d4 Nf6 2. c4 e6 3. Nf3 d5 4. Nc3 Be7 5. Bg5 Nbd7 6. e3 a6 7. cxd5 Nxd5 8. Bxe7 Qxe7 9. Rc1 Qb4 10. Qd2 c6 11. Bd3 Qe7 12. 0-0 0-0 13. e4 Nxc3 14. Qxc3 e5 15. Nxe5 Nxe5 16. dxe5 Be6 17. f4 Qc7 18. f5 Bd7 19. Qc5 Rfe8 20. e6 fxe6 21. f6 gxf6 22. Rxf6 e5 23. Rcf1 Be6 24. Rxe6 Rxe6 25. Bc4 Qd7 26. Qxe5 Rae8 27. h3 b5 28. Bb3 c5 29. Bd5 Qf7 30. Qg5+ Qg6 31. Qxg6+ hxg6 32. Rf6 1-0